| 000 | 00442nam a22001577a 4500 | ||
|---|---|---|---|
| 020 | _a0195674774 | ||
| 082 |
_a342.06 _bWED _cN, 01, P-155 |
||
| 245 |
_aAdministrative Law _cWade, H.W.R |
||
| 250 | _a9th | ||
| 260 |
_aUK _bOxford university Press _c2004 |
||
| 300 |
_axciii, 1035 p. : _bill, ; _c20 cm. |
||
| 526 |
_a0 _b0 _c0 _d342_060000000000000_WED |
||
| 526 |
_a0 _b0 _c0 _d342_060000000000000_WED |
||
| 650 |
_aNUST _96342 |
||
| 942 |
_2ddc _cBK |
||
| 999 |
_c542329 _d542329 |
||